ბათუმის შოთა რუსთაველის სახელმწიფო უნივერსიტეტის ბიბლიოთეკა

Планирование строительства. (ბიბ.ჩანაწერი № 40404)

000 -LEADER
fixed length control field 00661nam a2200217Ia 4500
001 - CONTROL NUMBER
control field 7012
003 - CONTROL NUMBER IDENTIFIER
control field GE_BSU
008 - FIXED-LENGTH DATA ELEMENTS--GENERAL INFORMATION
fixed length control field 181216s||||||||xx |||||||||||||| ||und||
040 ## - CATALOGING SOURCE
Transcribing agency GE_BSU
080 ## - UNIVERSAL DECIMAL CLASSIFICATION NUMBER
Universal Decimal Classification number 69.003:658.2(075)
100 ## - MAIN ENTRY--PERSONAL NAME
Personal name Балыхин,М.И. Гуревич,С.М. Куперман,Я.М.
245 ## - TITLE STATEMENT
Title Планирование строительства.
245 ## - TITLE STATEMENT
Remainder of title Учебн. пособие.
245 ## - TITLE STATEMENT
Statement of responsibility, etc. науч. ред. В.М.Казанский.
260 ## - PUBLICATION, DISTRIBUTION, ETC.
Place of publication, distribution, etc. М.
260 ## - PUBLICATION, DISTRIBUTION, ETC.
Name of publisher, distributor, etc. Стройиздат.
260 ## - PUBLICATION, DISTRIBUTION, ETC.
Date of publication, distribution, etc. 1967.
300 ## - PHYSICAL DESCRIPTION
Extent 390стр. 27см.
653 ## - INDEX TERM--UNCONTROLLED
Uncontrolled term Планирование строительства.
942 ## - ADDED ENTRY ELEMENTS (KOHA)
Koha item type წიგნი
ეგზემპლარები
Withdrawn status Lost status Damaged status Not for loan Date acquired Barcode Date last seen Price effective from Koha item type
        2018-12-17 11653 2018-12-17 2018-12-17 წიგნი
        2018-12-17 11654 2018-12-17 2018-12-17 წიგნი
        2018-12-17 11655 2018-12-17 2018-12-17 წიგნი